• 首页
  • 本馆介绍
  • 公告通知
  • 最新文献
  • 馆藏检索
  • 电子资源
  • 读者导购
  • 参考咨询
  • 我的图书馆
  • 登录
  • 详细信息显示
  • 放入我的书架
  • 预约/预借图书
  • 作者相关作品
  • 分类相关作品
  • 丛书相关作品
  • 出版社相关作品

书目信息

  • 表格格式
  • 工作单格式
  • 卡片格式
题名:
网络信息资源管理引论
    
 
作者: 尹锋 著
分册:  
出版信息: 长沙   湖南人民出版社  2007
页数: 283页
开本: 24cm
丛书名:
单 册:
中图分类: G203 , TP393
科图分类:
主题词: 计算机网络--信息管理--资源管理--研究 , 计算机网络 , 信息管理 , 资源管理
电子资源:
ISBN: 978-7-5438-4813-9
000 00830nam0 2200277 45
001 1029938671
005 20110519163531.31
010    @a978-7-5438-4813-9@dCNY29.80
100    @a20100420d2007 em y0chiy50 ea
101 0  @achi
102    @aCN@b430000
105    @ay z 000yy
106    @ar
200 1  @a网络信息资源管理引论@AWang Luo Xin Xi Zi Yuan Guan Li Yin Lun@f尹锋著@FYin Feng Zhu
210    @a长沙@c湖南人民出版社@d2007
215    @a283页@d24cm
330    @a本书阐述了网络信息资源管理的标准化、政策法规体系建设等宏观管理方略及相应对策。
606 0  @a计算机网络@x信息管理@x资源管理@x研究
606 0  @a计算机网络
606 0  @a信息管理
606 0  @a资源管理
690    @aG203@v4
690    @aTP393@v4
701  0 @a尹锋@AYin Feng@4著
801  0 @aCN@bTANGWEI@c20110519
905    @b0594567-71@dG203@e487@f5
    
    网络信息资源管理引论/尹锋著.-长沙:湖南人民出版社,2007
    283页;24cm
    
    
    ISBN 978-7-5438-4813-9:CNY29.80
    本书阐述了网络信息资源管理的标准化、政策法规体系建设等宏观管理方略及相应对策。
●
相关链接 在E读中查询图书 在五车中查询图书 在当当中查询图书 在豆瓣中查询图书


正题名:网络信息资源管理引论     索取号:G203/487         预约/预借

序号 登录号 条形码 馆藏地/架位号 状态 备注
1 0594567   205945673   第一样本阅览室/ [索取号:G203/487] 在馆    
2 0594568   205945682   第四借阅区/ [索取号:G203/487] 在馆    
3 0594569   205945691   第四借阅区/ [索取号:G203/487] 在馆    
4 0594570   205945708   第四借阅区/ [索取号:G203/487] 在馆    
5 0594571   205945717   第四借阅区/ [索取号:G203/487] 在馆    
唐山师范学院图书馆 欢迎您!
大连网信软件有限公司© 版权所有